Significant Regions of Ethiopian Diaspora - Statistics

General Stats
  • This quiz has been taken 19 times
  • The average score is 25 of 30
Answer Stats
Overseas Ethiopians Country % Correct
36,889 Kenya
100%
460,000 United States
100%
44,065 Canada
95%
15,000 Eritrea
95%
20,465 Germany
95%
6,424 Italy
95%
750,000 Saudi Arabia
95%
2,079 Somalia
95%
3,713 Spain
95%
73,000 Sudan
95%
90,000 United Kingdom
95%
8,675 France
89%
12,786 South Sudan
89%
200,000 United Arab Emirates
89%
19,349 Australia
84%
155,300 Israel
84%
1,667 Qatar
84%
44,891 South Africa
84%
12,323 Djibouti
79%
9,451 Netherlands
79%
30,624 Sweden
74%
5,740 Yemen
74%
2,366 Finland
68%
2,420 Greece
68%
12,380 Norway
68%
2,136 Denmark
63%
3,595 Kuwait
63%
5,211 Switzerland
63%
30,000 Lebanon
47%
1,831 Libya
47%
No matching quizzes found
Score Distribution
Percent of People with Each Score
Percentile by Number Answered
Your Score History
You have not taken this quiz